000
00336nam a2200145Ia 4500
008
150201s1995 xx 000 0 und d
082
_a
610
_b
I1995M
100
_a
MALIK,SANJEEV
245
_a
INDIAN DRUG REVIEW
250
_a
1ST
260
_b
AMHP PUBLICATION
_a
DELHI
_c
1995
300
_a
1-496
650
_a
MEDICINE
942
_2
ddc
_c
BK
999
_c
3039
_d
3039